Food or Not? - Statistics

General Stats
  • This quiz has been taken 693 times
  • The average score is 15 of 20
Answer Stats
Hint Explanation Answer % Correct
Eggplant Aubergine 🍆 Food
96%
Butternut Squash Similar to a pumpkin Food
94%
Lava cake Chocolate dessert Food
94%
Ladyfingers Finger-like biscuits Food
92%
Egghead Slang word for specific intellectuals Not Food
92%
Las Vegas Strip An area with casinos and resorts in Las Vegas Not Food
90%
Selfish Being egoistic Not Food
87%
Mille-feuille French dessert made with "thousand sheets" Food
83%
Breadfruit Fruit originated from Oceania Food
83%
Garrison Where military troops are stationed Not Food
82%
Mushroom cloud Cloud formation after a nuclear explosion Not Food
80%
Afghan Biscuit A type of biscuit from New Zealand Food
75%
Montreux A city in Switzerland Not Food
72%
Marionberry Cultivated blackberry from Oregon Food
62%
Kanzashi Japanese hair ornaments Not Food
55%
Panzerotti Italian fried dumplings Food
53%
Rigoletto An Opera by Giuseppe Verdi Not Food
53%
Pasado "Past" in spanish Not Food
49%
Ropa vieja A national dish of Cuba Food
47%
Netbeans An IDE for Java programming Not Food
46%
No matching quizzes found
Score Distribution
Percent of People with Each Score
Percentile by Number Answered
Your Score History
You have not taken this quiz